Democratic Republic of the Congo : Review of the 2006 Staff-Monitored Program and a New Staff-Monitored Program for 2007; Staff Report; Staff Statement; Statement by the Executive Director for the Democratic Republic of the Congo.

This paper reviews the 2006 Staff-Monitored Program (SMP) and a New Staff-Monitored Program for 2007 for the Democratic Republic of the Congo. Most quantitative and structural benchmarks under the SMP for April-December 2006 were not met; nevertheless, the SMP helped prevent major financial instabil...

Полное описание

Библиографические подробности
Соавтор: International Monetary Fund
Формат: Журнал
Язык:English
Опубликовано: Washington, D.C. : International Monetary Fund, 2007.
Серии:IMF Staff Country Reports; Country Report ; No. 2007/328
Online-ссылка:Full text available on IMF
LEADER 01855cas a2200241 a 4500
001 AALejournalIMF009595
008 230101c9999 xx r poo 0 0eng d
020 |c 5.00 USD 
020 |z 9781451808421 
022 |a 1934-7685 
040 |a BD-DhAAL  |c BD-DhAAL 
110 2 |a International Monetary Fund. 
245 1 0 |a Democratic Republic of the Congo :   |b Review of the 2006 Staff-Monitored Program and a New Staff-Monitored Program for 2007; Staff Report; Staff Statement; Statement by the Executive Director for the Democratic Republic of the Congo. 
264 1 |a Washington, D.C. :  |b International Monetary Fund,  |c 2007. 
300 |a 1 online resource (70 pages) 
490 1 |a IMF Staff Country Reports 
500 |a <strong>Off-Campus Access:</strong> No User ID or Password Required 
500 |a <strong>On-Campus Access:</strong> No User ID or Password Required 
506 |a Electronic access restricted to authorized BRAC University faculty, staff and students 
520 3 |a This paper reviews the 2006 Staff-Monitored Program (SMP) and a New Staff-Monitored Program for 2007 for the Democratic Republic of the Congo. Most quantitative and structural benchmarks under the SMP for April-December 2006 were not met; nevertheless, the SMP helped prevent major financial instability during the protracted electoral period. Cognizant of the need to reestablish macroeconomic stability, the government agreed on a policy framework for 2007 to be monitored by the IMF staff. Satisfactory performance under the SMP would open the way for discussions on a new arrangement under the Poverty Reduction and Growth Facility. 
538 |a Mode of access: Internet 
830 0 |a IMF Staff Country Reports; Country Report ;  |v No. 2007/328 
856 4 0 |z Full text available on IMF  |u http://elibrary.imf.org/view/journals/002/2007/328/002.2007.issue-328-en.xml  |z IMF e-Library